000 00643nam a22002417a 4500
003 UA-OsUOA
001 95583
007 ta
008 20130305b un ||||| |||| 00| 0 ukr d
100 _aКиреев Р.
090 _a821.161.1
_bК43
942 _cBK
040 _aUA-OsUOA
_brus
_cUA-OsUOA
_dUA-OsUOA
245 _aЧетвертая осень
_bповести и рассказы
300 _a333 с.
955 _a3
041 _arus
080 _a821.161.1
260 _aМ.
_bСовременник
_c1989
044 _aRU
650 7 _a82 Література. Літературознавство
_2UDC
999 _c381834
_d381834